KABIR GRANTHAWALI(HINDI) (Record no. 8061)

MARC details
000 -LEADER
fixed length control field 00305nam a2200133Ia 4500
008 - FIXED-LENGTH DATA ELEMENTS--GENERAL INFORMATION
fixed length control field 260604s9999 xx 000 0 und d
020 ## - INTERNATIONAL STANDARD BOOK NUMBER
International Standard Book Number 9789393285775
082 ## - DEWEY DECIMAL CLASSIFICATION NUMBER
Classification number 891.433 DAS
100 ## - MAIN ENTRY--PERSONAL NAME
Personal name SHYAM SUNDAR DA
9 (RLIN) 35292
245 #0 - TITLE STATEMENT
Title KABIR GRANTHAWALI(HINDI)
260 ## - PUBLICATION, DISTRIBUTION, ETC.
Name of publisher, distributor, etc. DPS
500 ## - GENERAL NOTE
General note Kabir
942 ## - ADDED ENTRY ELEMENTS (KOHA)
Koha item type Book
Holdings
Date last seen Total Checkouts Full call number Barcode Cost, replacement price Price effective from Koha item type Lost status Damaged status Not for loan Withdrawn status Home library Current library Shelving location Date acquired Cost, normal purchase price BOOK NO
06/04/2026   891.433 DAS 003679 895.00 06/04/2026 Book         Indian Institute of Management Visakhapatnam Indian Institute of Management Visakhapatnam   06/04/2026 895.00 DAS

Copyright © 2024 Indian Institute of Management Visakhapatnam
Koha v23.05